[Event "Titled Tuesday intern op 07th Jan Early"]
[Site "Chess.com INT"]
[Date "2025.01.07"]
[Round "2"]
[White "Mesquita, Eduardo Barbosa"]
[Black "Kleimenov, Nikolay"]
[Result "0-1"]
[WhiteElo "2014"]
[BlackElo "2123"]
[PlyCount "76"]
[EventDate "2025.01.07"]
[EventType "swiss (blitz)"]
[EventRounds "11"]
[EventCountry "USA"]
[SourceTitle "CB03_2025"]
[SourceDate "2025.01.15"]
[SourceVersion "1"]
[SourceVersionDate "2025.01.15"]
[SourceQuality "1"]

1. e4 c5 2. Nf3 e6 3. d4 cxd4 4. Nxd4 Nc6 5. Nc3 Qc7 6. Be3 a6 7. Be2 Nf6 8. 0-0 b5 9. Nxc6 dxc6 10. a3 Bb7 11. f4 c5 12. Bf3 Rd8 13. Qe2 Be7 14. Rad1 0-0 15. Rxd8 Rxd8 16. g3 Nd7 17. Rd1 Nb6 18. b3 c4 19. b4 Nd7 20. Kg2 Bc6 21. Bd4 a5 22. bxa5 Qxa5 23. Qe3 Qxa3 24. Ra1 Qd6 25. Ra6 Qc7 26. Rxc6 Qxc6 27. e5 Qa6 28. f5 exf5 29. Nd5 Bf8 30. Qg5 Rc8 31. Qxf5 Qe6 32. Bg4 Qxd5+ 33. Kh3 Qxd4 34. e6 fxe6 35. Qxe6+ Kh8 36. Qf7 Qxg4+ 37. Kxg4 Ne5+ 38. Kf5 Nxf7 0-1

[Event "Moscow Ivi GP"]
[Site "Moscow"]
[Date "2024.10.12"]
[Round "10"]
[White "Shogdzhiev, Roman Sav"]
[Black "Kleimenov, Nikolay"]
[Result "1-0"]
[WhiteElo "2136"]
[BlackElo "2127"]
[PlyCount "135"]
[EventDate "2024.10.05"]
[EventType "swiss"]
[EventRounds "10"]
[EventCountry "RUS"]
[SourceTitle "CB45_2024"]
[Source "ChessBase"]
[SourceDate "2024.11.06"]
[SourceVersion "1"]
[SourceVersionDate "2024.11.06"]
[SourceQuality "1"]

1. e4 c5 2. Nf3 e6 3. d4 cxd4 4. Nxd4 Nc6 5. Nc3 Qc7 6. g3 a6 7. Bg2 Nf6 8. 0-0 Nxd4 9. Qxd4 Bc5 10. Bf4 d6 11. Qd2 h6 12. Rad1 e5 13. Be3 Bxe3 14. fxe3 Be6 15. Qxd6 Rc8 16. Rf2 Qxd6 17. Rxd6 Rxc3 18. bxc3 Nd7 19. a4 Ke7 20. Rd1 Rc8 21. Rb1 b6 22. Bf1 Bc4 23. Bh3 Be6 24. Bxe6 Kxe6 25. Rd2 Rc6 26. Rbd1 Nc5 27. Rd8 Nxe4 28. Re8+ Kf5 29. Rf1+ Kg6 30. Rxe5 Nxc3 31. a5 f6 32. Ref5 b5 33. R5f2 Rc4 34. Rd2 Ra4 35. Rf4 Ra1+ 36. Kg2 Ra2 37. Rg4+ Kf5 38. Rxg7 Ne4 39. g4+ Ke6 40. Rdd7 Rxc2+ 41. Kf1 f5 42. Rge7+ Kf6 43. Rf7+ Kg6 44. Rg7+ Kf6 45. Rdf7+ Ke6 46. gxf5+ Ke5 47. Rg6 Ng5 48. Re7+ Kxf5 49. Rxa6 Ra2 50. Ra8 b4 51. a6 b3 52. a7 b2 53. Rb8 Ra1+ 54. Ke2 Kf6 55. Rc7 Ne6 56. Rh7 Kg6 57. Rhb7 b1Q 58. Rxb1 Rxa7 59. R1b6 Kf5 60. e4+ Ke5 61. Re8 Ra2+ 62. Kf3 Ra3+ 63. Kg4 h5+ 64. Kxh5 Rh3+ 65. Kg4 Rh6 66. Rexe6+ Rxe6 67. Rxe6+ Kxe6 68. h4 1-0